Arturo Illia
সংরক্ষণ করুন:
| প্রধান লেখক: | , |
|---|---|
| বিন্যাস: | গ্রন্থ |
| ভাষা: | স্প্যানিশ |
| প্রকাশিত: |
Buenos Aires
Fundación Arturo Illia
1990
|
| বিষয়গুলি: | |
| ট্যাগগুলো: |
ট্যাগ যুক্ত করুন
কোনো ট্যাগ নেই, প্রথমজন হিসাবে ট্যাগ করুন!
|
MARC
| LEADER | 00000nam a2200000 a 4500 | ||
|---|---|---|---|
| 001 | UCO8017 | ||
| 003 | CL-VaPUC | ||
| 008 | 001124e19900000AG |||||||||||||||||spa|d | ||
| 082 | 0 | 4 | |a 982.063 |b BAT |2 21 |
| 100 | 0 | |a Batalla, Pablo Eugenio |e author |9 452840 | |
| 700 | 0 | |a Rizzi, Fernando |e author |9 452841 | |
| 245 | 1 | 0 | |a Arturo Illia |
| 246 | 1 | 3 | |a Un examen de la política económica del gobierno de Illia, 1963 |
| 246 | 1 | 3 | |a El docente de la dignidad cívica |
| 300 | |a 160 p | ||
| 942 | |c BK | ||
| 945 | |d 20001124 00:00:00 |a crobeson | ||
| 260 | |a Buenos Aires |b Fundación Arturo Illia |c 1990 | ||
| 500 | |a Donación del profesor Manfred Wilhelmy von Wolff | ||
| 600 | 0 | 7 | |a ILLIA, ARTURO |2 CL-VaPUC |9 452842 |
| 650 | 7 | |a HISTORIA DE ARGENTINA 1963-1966 |2 CL-VaPUC |9 452843 | |
| 650 | 0 | |a Política económica |9 255029 | |
| 650 | 0 | |a Política social |9 257588 | |
| 650 | 0 | |a Golpe de estado |9 264543 | |
| 651 | 0 | |a Argentina |9 254888 | |
| 583 | |a last modification |c 20001124 00:00:00 |k Rodrigo Vera | ||
| 999 | |c 292829 |d 292827 | ||
| 952 | |0 0 |1 0 |4 0 |6 982_063000000000000_BAT_1990 |7 0 |8 A |9 343903 |a BIBHIS |b BIBHIS |d 2019-11-20 |i 1235362 |o 982.063 BAT 1990 |p 1235362 |r 2025-01-20 |w 2019-11-20 |y BK |k HIS | ||